000 00600nam a2200217 a 4500
001 16923
003 CO-ViMGA
008 141112s2004 ck r 000 u spa d
020 _a9582811056
040 _aCO-ViMGA
_bspa
_cCO-ViMGA
082 0 4 _a633.88 R81p
100 1 _aRua, Adelaida de la
_923977
245 1 0 _aEl poder curativo de los cereales y los condimentos
260 _aBogotá,
_cIntermedio,
_c2000
300 _a215.p.
590 _aForma de adquisición : Premio - Mincultura
650 1 4 _aCEREALES
650 1 4 _aCONDIMENTOS
_93696
650 1 4 _aPLANTAS CURATIVAS
942 _2ddc
_cBK
999 _c26556
_d26556